| 000 | 00434nam a2200169Ia 4500 | ||
|---|---|---|---|
| 005 | 20250617030623.0 | ||
| 008 | 240331s9999 xx 000 0 und d | ||
| 020 | _a9559557203 | ||
| 082 |
_bSEN _a305 |
||
| 100 | _aSenanayake, C | ||
| 245 | 0 | _aMahasenayange Karawa kathawa | |
| 250 | _a2nd | ||
| 260 |
_aGampaha _bBuddhist Lanka Press _c1993 |
||
| 300 | _a85 p ., | ||
| 500 | _aA book on Talk about bod of the Mahasenas | ||
| 942 | _cL | ||
| 999 |
_c1964 _d1964 |
||